[Event "TUR-chT 2nd League"]
[Site "Konya"]
[Date "2022.08.27"]
[Round "8.15"]
[White "Akar, Nilay"]
[Black "Meylani, Irem Serdil"]
[Result "1/2-1/2"]
[WhiteElo "1459"]
[BlackElo "1427"]
[PlyCount "176"]
[EventDate "2022.08.22"]
[EventType "team-swiss"]
[EventRounds "9"]
[EventCountry "TUR"]
[SourceTitle "CBM 210 Extra"]
[Source "ChessBase"]
[SourceDate "2022.11.30"]
[SourceVersion "1"]
[SourceVersionDate "2022.11.30"]
[SourceQuality "1"]
[WhiteTeam "Karaman Tabduk Emre"]
[BlackTeam "Yalova Altinkale"]
[WhiteTeamCountry "TUR"]
[BlackTeamCountry "TUR"]

1. e4 c6 2. d4 d5 3. exd5 cxd5 4. Bd3 Nc6 5. c3 Nf6 6. Bf4 e6 7. Nd2 Bd6 8. Bxd6 Qxd6 9. Ngf3 Bd7 10. 0-0 0-0 11. Re1 Rac8 12. Ne5 Qc7 13. Re3 Ne7 14. g4 Ne8 15. Rh3 g6 16. Qc2 Kg7 17. Ndf3 f6 18. Qd2 Ng8 19. Ng5 h6 20. Nxg6 fxg5 21. Nxf8 Kxf8 22. Qe2 Nef6 23. f4 Qxf4 24. Rf1 Qd6 25. Qf2 Kg7 26. Rf3 Rf8 27. h3 a6 28. Qc2 Be8 29. Qe2 b5 30. Qe5 Qxe5 31. dxe5 Nd7 32. Rxf8 Nxf8 33. a4 Ng6 34. axb5 axb5 35. Bxg6 Bxg6 36. Ra1 Ne7 37. Ra7 Kf8 38. Ra6 Kf7 39. Ra7 Bd3 40. Kf2 Ke8 41. Ra8+ Kd7 42. Ra7+ Kd8 43. Ra8+ Nc8 44. Kg3 Kc7 45. h4 Kb7 46. Ra1 Nb6 47. Rd1 Bc4 48. Rd2 Nd7 49. h5 Kc6 50. b4 Nxe5 51. Rf2 Kd6 52. Rf6 Be2 53. Rxh6 Nxg4 54. Rh8 Nf6 55. h6 Bd3 56. Rb8 e5 57. Kf3 Ke6 58. Rf8 Ke7 59. Rb8 Kf7 60. Rb6 Be4+ 61. Kg3 Bd3 62. Kf3 Ke7 63. Rb7+ Ke6 64. Rb6+ Kf5 65. Ke3 e4 66. Kd4 g4 67. Rb8 Kg6 68. Ke3 Kxh6 69. Kf4 Kg6 70. Rb6 Kg7 71. Rd6 Bc4 72. Ra6 Bd3 73. Rd6 Be2 74. Kf5 Ne8 75. Rxd5 Bf3 76. Kf4 Nc7 77. Rd7+ Kf6 78. Rxc7 Be2 79. Rc6+ Kf7 80. Rc5 Kf6 81. Re5 Bd3 82. Rf5+ Ke6 83. Rg5 Kd6 84. Rxg4 Kd5 85. Rg8 Kc4 86. Rc8+ Kb3 87. Ke3 Bc4 88. Kd4 e3 1/2-1/2

[Event "TUR-chT 2nd League"]
[Site "Konya"]
[Date "2022.08.23"]
[Round "3.15"]
[White "Karatas, Duygu"]
[Black "Akar, Nilay"]
[Result "1-0"]
[WhiteElo "1252"]
[BlackElo "1459"]
[PlyCount "89"]
[EventDate "2022.08.22"]
[EventType "team-swiss"]
[EventRounds "9"]
[EventCountry "TUR"]
[SourceTitle "CBM 210 Extra"]
[Source "ChessBase"]
[SourceDate "2022.11.30"]
[SourceVersion "1"]
[SourceVersionDate "2022.11.30"]
[SourceQuality "1"]
[WhiteTeam "Hayat"]
[BlackTeam "Karaman Tabduk Emre"]
[WhiteTeamCountry "TUR"]
[BlackTeamCountry "TUR"]

1. e4 c5 2. Nf3 g6 3. c3 Bg7 4. d4 cxd4 5. cxd4 d5 6. e5 Nc6 7. Nc3 Bg4 8. Be2 e6 9. Nb5 Bf8 10. 0-0 a6 11. Nc3 Bxf3 12. Bxf3 Bh6 13. Na4 Bxc1 14. Rxc1 Nge7 15. Nc5 Rb8 16. Bg4 Nf5 17. Bxf5 gxf5 18. Nxb7 Rxb7 19. Rxc6 0-0 20. Qe2 Rb6 21. Rfc1 Qb8 22. b3 Rxc6 23. Rxc6 Qb4 24. Rxa6 Qxd4 25. h3 Rc8 26. Ra4 Rc1+ 27. Kh2 Qa1 28. Qe3 Rh1+ 29. Kg3 Qc1 30. Ra8+ Kg7 31. a4 Re1 32. Qxc1 Rxc1 33. b4 Rc3+ 34. f3 d4 35. a5 Rb3 36. Rb8 Rb2 37. a6 Ra2 38. b5 d3 39. Rd8 d2 40. Kf4 Ra3 41. Rxd2 Ra4+ 42. Ke3 f4+ 43. Ke2 Ra5 44. Rb2 Kg6 45. b6 1-0

[Event "TUR-ch (Women)"]
[Site "Ayvalik"]
[Date "2022.03.09"]
[Round "6"]
[White "Akar, Nilay"]
[Black "Yardak, Aybuke"]
[Result "0-1"]
[WhiteElo "1516"]
[BlackElo "1025"]
[PlyCount "88"]
[EventDate "2022.03.05"]
[EventType "swiss"]
[EventRounds "9"]
[EventCountry "TUR"]
[SourceTitle "EXT 2023"]
[Source "ChessBase"]
[SourceDate "2022.10.05"]
[SourceVersion "1"]
[SourceVersionDate "2022.10.05"]
[SourceQuality "1"]

1. e4 c5 2. Nc3 Nc6 3. g3 d6 4. Bg2 Nf6 5. d3 g6 6. h3 Bg7 7. Be3 Rb8 8. Qd2 h5 9. Nge2 b5 10. f4 Bd7 11. 0-0 Qc8 12. Kh2 b4 13. Nd1 e6 14. Nf2 Ne7 15. Rae1 d5 16. e5 Nfg8 17. Ng1 d4 18. Ne4 dxe3 19. Nd6+ Kf8 20. Qxe3 Qc7 21. Nf3 Nh6 22. Qf2 Nhf5 23. Ne4 Rb5 24. Kg1 Bc6 25. g4 hxg4 26. hxg4 Bxe4 27. Rxe4 Nh6 28. f5 exf5 29. g5 fxe4 30. gxh6 e3 31. hxg7+ Kxg7 32. Qxe3 Nf5 33. Qg5 Rh5 34. Qf6+ Kg8 35. Nd2 Rb6 36. Ne4 Rxf6 37. Nxf6+ Kf8 38. Nxh5 Qxe5 39. Nf4 Qxb2 40. Nd5 Qd4+ 41. Kh2 Qe5+ 42. Kg1 Nh4 43. Nf6 Kg7 44. Ng4 Qg3 0-1

[Event "TUR-chT 2nd League"]
[Site "Konya"]
[Date "2017.07.21"]
[Round "7.5"]
[White "Turkkan, Ece"]
[Black "Akar, Nilay"]
[Result "1-0"]
[WhiteElo "1532"]
[BlackElo "1478"]
[PlyCount "50"]
[EventDate "2017.07.17"]
[EventType "team-swiss"]
[EventRounds "9"]
[EventCountry "TUR"]
[SourceTitle "CBM 179 Extra"]
[Source "ChessBase"]
[SourceDate "2017.08.23"]
[SourceVersion "1"]
[SourceVersionDate "2017.08.23"]
[SourceQuality "1"]
[WhiteTeam "Istanbul Moda"]
[BlackTeam "Kahramanmaras Ustad"]
[WhiteTeamCountry "TUR"]
[BlackTeamCountry "TUR"]

1. d4 d5 2. c4 e6 3. Nc3 Nf6 4. cxd5 exd5 5. Bg5 Be7 6. e3 c6 7. Bd3 Nbd7 8. Qc2 h6 9. Bh4 0-0 10. Nge2 Re8 11. 0-0 Nf8 12. Rab1 a5 13. Na4 Bd7 14. Nc5 b6 15. Nxd7 Qxd7 16. Rfc1 c5 17. Bxf6 gxf6 18. Ng3 cxd4 19. exd4 Bb4 20. Bf5 Qd6 21. a3 Ne6 22. Bxe6 Qxe6 23. axb4 Rac8 24. Qd2 b5 25. bxa5 Rxc1+ 1-0

[Event "TUR-chT 2nd League"]
[Site "Konya"]
[Date "2017.07.20"]
[Round "6.4"]
[White "Akar, Nilay"]
[Black "Guney, Gamze Nur"]
[Result "1/2-1/2"]
[WhiteElo "1478"]
[BlackElo "1776"]
[PlyCount "104"]
[EventDate "2017.07.17"]
[EventType "team-swiss"]
[EventRounds "9"]
[EventCountry "TUR"]
[SourceTitle "CBM 179 Extra"]
[Source "ChessBase"]
[SourceDate "2017.08.23"]
[SourceVersion "1"]
[SourceVersionDate "2017.08.23"]
[SourceQuality "1"]
[WhiteTeam "Kahramanmaras Ustad"]
[BlackTeam "Mugla Ortaca Belediye"]
[WhiteTeamCountry "TUR"]
[BlackTeamCountry "TUR"]

1. e4 c5 2. Nf3 d6 3. d4 cxd4 4. Nxd4 Nf6 5. Nc3 a6 6. Be3 e6 7. Bd3 Be7 8. 0-0 0-0 9. f3 Nc6 10. Qe1 Ne5 11. Be2 Qc7 12. Qg3 Re8 13. Rad1 b5 14. a3 Bf8 15. Bg5 Kh8 16. Be3 Ng6 17. f4 Bb7 18. Bd3 e5 19. fxe5 dxe5 20. Nf5 Rad8 21. Bg5 Qc5+ 22. Kh1 Re6 23. Nh6 Rd7 24. Bxf6 Rxf6 25. Rxf6 gxf6 26. Nf5 Qc7 27. Rf1 Nf4 28. Qh4 Qd8 29. Rf3 Ng6 30. Qh5 Bg7 31. Nxg7 Kxg7 32. Rh3 Qg8 33. Rg3 Kh8 34. Qf5 Rd6 35. Nd1 Bc8 36. Qh5 Qf8 37. Qf3 Qd8 38. Nc3 Qa5 39. Qf2 b4 40. axb4 Qxb4 41. Nd5 Qxb2 42. Rf3 Qc1+ 43. Bf1 Be6 44. Rxf6 Rxd5 45. exd5 Bxd5 46. Rd6 Nf4 47. Rxd5 Nxd5 48. Qxf7 h6 49. Qf8+ Kh7 50. Qf7+ Kh8 51. Qf8+ Kh7 52. Qf7+ Kh8 1/2-1/2

[Event "TUR-chT2"]
[Site "Konya"]
[Date "2014.06.26"]
[Round "5.7"]
[White "Soumya, Swaminathan"]
[Black "Akar, Nilay"]
[Result "1-0"]
[WhiteElo "2318"]
[BlackElo "1553"]
[PlyCount "31"]
[EventDate "2014.06.23"]
[EventType "team-swiss"]
[EventRounds "9"]
[EventCountry "TUR"]
[SourceTitle "CBM 161 Extra"]
[Source "ChessBase"]
[SourceDate "2014.08.29"]
[SourceVersion "1"]
[SourceVersionDate "2014.08.29"]
[SourceQuality "1"]
[WhiteTeam "Tasduvar"]
[BlackTeam "Alapli"]
[WhiteTeamCountry "TUR"]
[BlackTeamCountry "TUR"]

1. e4 c5 2. Nf3 Nc6 3. Nc3 e6 4. d4 cxd4 5. Nxd4 Nf6 6. Be2 Bb4 7. 0-0 Bxc3 8. bxc3 Nxe4 9. Bb2 d5 10. c4 Nf6 11. cxd5 exd5 12. Ba3 Be6 13. Rb1 Rc8 14. Rxb7 Rc7 15. Nxc6 Rxc6 16. Bb5 1-0